000 00773nam a2200229 i 4500
001 50054
003 ES-MaACL
005 20250901062526.0
007 t|
008 030729s1958 an ||||1| spa d
080 _a273
100 1 _aCristiani, León.
_941629
245 1 0 _aBreve historia de las herejías /
_cCanónigo Cristiani ; [versión de F. Condomines].
260 _aAndorra :
_bCasal i Vall,
_c[1958]
300 _a152 p. ;
_c19 cm.
490 1 _aYo sé, yo creo : enciclopedia del católico en el siglo XX ;
_v136
650 7 _aHerejías
_2embne
_913321
700 1 _aCondomines, F.
_940144
830 0 0 _aYo sé, yo creo: enciclopedia del católico del siglo XX
_v136
_9186579
852 _aES-MaACL
_jC-14818
_bR.42154
999 _c50054
_d50054